000
00320pab a2200133 454500
008
180718b1990 xxu||||| |||| 00| 0 eng d
245
_a
Review of industry and management
260
_c
1990
300
_a
M-98-152
362
_a
25 Aug.
650
_a
Industry
773
_a
Economic and Political Weekly
909
_a
10876
999
_c
10876
_d
10876